Ekologija i resursosbereženije: naši problemy i zarubežnyj opyt.
Narastanie potrieb a zvyšovanie výroby je spojené s čoraz intenzívnejším využívaním obmedzených prírodných zdrojov. Nedocenenie významu úspor zdrojov v ZSSR ako jedna z hlavných príčin veľmi nepriaznivej ekologickej situácie. Charakteristika globálnych ekologických problémov sveta a ciest ich riešen...
Saved in:
| Main Author: | |
|---|---|
| Other Authors: | |
| Format: | Book Chapter |
| Language: | Russian |
| Subjects: | |
| Tags: |
No Tags, Be the first to tag this record!
|
MARC
| LEADER | 00000naa a2200000 4500 | ||
|---|---|---|---|
| 001 | r007281 | ||
| 005 | 20221130103656.4 | ||
| 041 | 0 | |a rus | |
| 044 | |a [SU] | ||
| 245 | 1 | 0 | |a Ekologija i resursosbereženije: naši problemy i zarubežnyj opyt. |c M. Gel'vanovskij, I. Trofimova |
| 520 | |a Narastanie potrieb a zvyšovanie výroby je spojené s čoraz intenzívnejším využívaním obmedzených prírodných zdrojov. Nedocenenie významu úspor zdrojov v ZSSR ako jedna z hlavných príčin veľmi nepriaznivej ekologickej situácie. Charakteristika globálnych ekologických problémov sveta a ciest ich riešenia. Trhové nástroje a štátne riadenie ako súčasti mechanizmu dosahovania úspor. | ||
| 610 | 2 | 0 | |a využitie zdrojov prírodných |
| 610 | 2 | 0 | |a spotreba |
| 610 | 2 | 0 | |a ekológia |
| 610 | 2 | 0 | |a úspory |
| 610 | 2 | 0 | |a ZSSR |
| 610 | 2 | 0 | |a problémy globálne |
| 610 | 2 | 0 | |a mechanizmus trhový |
| 610 | 2 | 0 | |a riadenie |
| 610 | 2 | 0 | |a štát |
| 100 | 1 | |a Gel'vanovskij, M. | |
| 700 | 1 | |a Trofimova, I. | |